000
00303nam a22001337a 4500
008
170918b xxu||||| |||| 00| 0 eng d
020
_a
006430070
041
_a
eng
080
_a
7
100
_a
44
101
_a
ART
245
_a
DUTCH PAINTING IN THE SEVENTEENTH CENTURY
_c
KAHR,M,M
942
_2
udc
_c
BK
999
_c
27954
_d
27954